000 00500nam a2200181Ia 4500
008 151018s9999 xx 000 0 und d
082 _bRBASDV27750
_a920
100 _aग म केळकर
245 _aन्यारा संत
250 _b1
260 _bमधुराज
_c1995
300 _a120
600 _aग म केळकर
630 _aन्यारा संत
700 _aग म केळकर
730 _aन्यारा संत
942 _cBOOK
999 _c1027339
_d1027336